[Event "Keres Mem Open"]
[Site "Tallinn EST"]
[Date "2001.07.26"]
[Round "2"]
[White "Kengis,E"]
[Black "Fomina,T"]
[Result "1-0"]
[WhiteElo "2572"]
[BlackElo "2269"]

1.Nf3 d5 2.g3 Nc6 3.d4 Bg4 4.Bg2 Qd7 5.h3 Bf5 6.c4 e6 7.Nc3 Bb4 8.O-O dxc4
9.e4 Bxc3 10.exf5 Bxd4 11.fxe6 fxe6 12.Qa4 Nge7 13.Qxc4 O-O-O 14.Nxd4 Nxd4
15.Be3 e5 16.Qc5 Nec6 17.Kh1 Qd6 18.Rac1 Rhe8 19.Qxd6 Rxd6 20.Be4 g6 21.Rfe1 Ne7
22.Rc5 Nef5 23.Bg5 h6 24.Bc1 b6 25.Rc3 Rf6 26.Bg2 Kd7 27.b4 g5 28.a4 Nd6
29.Be3 N6f5 30.b5 c5 31.bxc6+ Nxc6 32.Rd1+ Kc7 33.Be4 Nxe3 34.fxe3 Ree6 35.Rdc1 Rd6
36.g4 a6 37.Kg2 b5 38.a5 Kd7 39.Bf5+ Ke7 40.Kf3 Nxa5 41.Rc7+ Ke8 42.R1c5 Nc4
43.Rh7 e4+ 44.Kg3 Nb6 45.Rcc7 Kd8 46.Rb7  1-0

[Event "Continental Open"]
[Site "Las Vegas USA"]
[Date "2001.07.27"]
[Round "2"]
[White "Lputian,S"]
[Black "Akobian,V"]
[Result "1-0"]
[WhiteElo "2608"]
[BlackElo "2442"]

1.Nf3 d5 2.g3 c6 3.Bg2 Bg4 4.b3 Nd7 5.Bb2 Ngf6 6.d3 Qc7 7.c4 e5 8.cxd5 cxd5
9.O-O Be7 10.Nc3 d4 11.Nb5 Qd8 12.h3 Be6 13.Rc1 Rc8 14.Qd2 Rc5 15.Rxc5 Bxc5
16.Rc1 a6 17.Na3 Be7 18.Nc4 Qb8 19.e3 dxe3 20.Qxe3 Bc5 21.Qe2 e4 22.Ng5 exd3
23.Qxd3 O-O 24.Na5 b6 25.Nc6 Qd6 26.Qxd6 Bxd6 27.Rd1 Bc7 28.Nd4 Bd5 29.Bxd5 Nxd5
30.Nf5 N5f6 31.Nxg7 Be5 32.Bxe5 Nxe5 33.Nf5 h6 34.Nxh6+ Kg7 35.Nhxf7 Rxf7
36.Nxf7 Nxf7 37.Kg2 b5 38.f4  1-0

[Event "Open"]
[Site "Novosibirsk RUS"]
[Date "2001.07.27"]
[Round "9"]
[White "Permiakov,V"]
[Black "Pak,K"]
[Result "1-0"]
[WhiteElo "2345"]
[BlackElo "2213"]

1.Nf3 d5 2.g3 Nf6 3.Bg2 c5 4.O-O Nc6 5.d4 e6 6.c4 dxc4 7.Ne5 Nxe5 8.dxe5 Nd5
9.Na3 Be7 10.Nxc4 b5 11.e4 Nb6 12.Nd6+ Bxd6 13.exd6 Bb7 14.Qg4 O-O 15.Bh6 Qf6
16.e5 Qxh6 17.Bxb7 Rab8 18.Bc6 Nc4 19.Qe2 Rfc8 20.Bxb5 Nxe5 21.Ba6 Rc6 22.Qxe5 Rxa6
23.d7 Rd8 24.Qxc5 g6 25.Qc8  1-0

[Event "Open"]
[Site "Novosibirsk RUS"]
[Date "2001.07.28"]
[Round "10"]
[White "Maltsev,Vl"]
[Black "Karpov,Al"]
[Result "0-1"]
[WhiteElo "2234"]
[BlackElo "2391"]

1.Nf3 d5 2.g3 Nf6 3.Bg2 e6 4.c4 Be7 5.O-O O-O 6.d4 dxc4 7.Qc2 a6 8.a4 Nbd7
9.Qxc4 b5 10.Qc2 Bb7 11.Bg5 c5 12.Bxf6 Nxf6 13.dxc5 Be4 14.Qc1 Rc8 15.b4 a5
16.Nbd2 axb4 17.Nxe4 Nxe4 18.axb5 Bxc5 19.Qb2 Qb6 20.e3 Qxb5 21.Qe5 Nc3 22.Ng5 Be7
23.Qxb5 Nxb5 24.Ne4 Rfd8 25.Rfd1 f5 26.Bf1 Na3 27.Nd2 Bf6 28.Ra2 Rc7 29.Be2 Rcd7
30.Kf1 Bc3 31.Ke1 Rxd2 32.Raxd2 Rxd2 33.Rxd2 Nb1  0-1

[Event "MTO"]
[Site "Biel SUI"]
[Date "2001.07.29"]
[Round "6"]
[White "Zollbrecht,J"]
[Black "Kobalija,M"]
[Result "0-1"]
[WhiteElo "2306"]
[BlackElo "2595"]

1.g3 d5 2.Nf3 Nf6 3.Bg2 c6 4.O-O Bf5 5.b3 h6 6.Bb2 e6 7.c4 Be7 8.d3 O-O 9.Nbd2 Nbd7
10.Qc2 Bh7 11.Rfc1 Bc5 12.Qd1 Qe7 13.a3 a5 14.d4 Bd6 15.c5 Bc7 16.b4 Rfe8
17.b5 cxb5 18.Qb3 b4 19.axb4 axb4 20.Qxb4 b6 21.Qc3 bxc5 22.dxc5 Rxa1 23.Bxa1 e5
24.Bh3 Ra8 25.c6 d4 26.Qb3 Nb6 27.Bb2 Nfd5 28.Nc4 Nxc4 29.Qxc4 Nb6 30.Qb5 Ra4
31.Ba1 Qa3 32.Qb2 Qxb2 33.Bxb2 Ra2 34.Bxd4 exd4 35.Nxd4 Ra5 36.f3 Kf8 37.e4 Be5
38.Nb3 Rb5 39.Nd2 Rb2 40.Nc4 Nxc4 41.Rxc4 Bc7 42.Bf1 Ke7 43.Bd3 f6 44.Rc2 Rxc2
45.Bxc2 Bg8 46.Kg2 Be6 47.f4 Kd6 48.Kf3 Kxc6 49.g4 g5  0-1

[Event "MTO"]
[Site "Biel SUI"]
[Date "2001.07.29"]
[Round "6"]
[White "Cvitan,O"]
[Black "Klovans,J"]
[Result "1-0"]
[WhiteElo "2555"]
[BlackElo "2446"]

1.Nf3 d5 2.g3 Nf6 3.Bg2 e6 4.c4 dxc4 5.Qa4+ Nbd7 6.Qxc4 c5 7.Qb3 Bd6 8.a4 O-O
9.Na3 a6 10.Nc4 Bc7 11.a5 b5 12.axb6 Nxb6 13.d3 Nbd5 14.O-O Rb8 15.Qa4 Nb4
16.Nfe5 Nfd5 17.Bd2 Rb5 18.Rfc1 Bb7 19.Nf3 Qe7 20.Na3 Ra5 21.Qd1 Rb8 22.Be1 Nb6
23.Nd2 Bxg2 24.Kxg2 Bd6 25.Kg1 h6 26.Ne4 f5 27.Nxd6 Qxd6 28.d4 Qf8 29.Rxc5 Rxc5
30.Bxb4 Rc1 31.Bxf8 Rxd1+ 32.Rxd1 Kxf8 33.Ra1 Rc8 34.e3 Nd5 35.b3 Rc3 36.Nc4 Nb4
37.Ra3 Ke7 38.h4 g5 39.h5 g4 40.Ne5 Kf6 41.Nd7+ Kg5 42.Nc5 Rc1+ 43.Kg2 Nc2
44.Nxe6+ Kf6 45.Rxa6 Ne1+ 46.Kf1 Nf3+ 47.Ke2 Rc2+ 48.Kd1 Rxf2 49.Nf4+ Kf7
50.Rxh6 Ng5 51.d5 Ne4 52.d6  1-0

[Event "Ladies"]
[Site "Hasselbacken SWE"]
[Date "2001.07.29"]
[Round "2"]
[White "Jiretorn,E"]
[Black "Berg,Su"]
[Result "1-0"]
[WhiteElo "2084"]
[BlackElo "2076"]

1.Nf3 d5 2.g3 Nf6 3.Bg2 Bg4 4.O-O e6 5.c4 c6 6.b3 Nbd7 7.Bb2 Bd6 8.d3 a5
9.Nbd2 O-O 10.Qc2 a4 11.e4 e5 12.cxd5 cxd5 13.exd5 Rc8 14.Qb1 a3 15.Bc1 Nxd5
16.Nc4 Nc3 17.Qc2 Nb5 18.Qd2 Bc5 19.Rb1 Qe7 20.b4 Bd6 21.Nxa3 Nc3 22.Rb3 Bxb4
23.Nc2 Ba5 24.Ne3 Be6 25.Rxb7 Qc5 26.Ng5 Nf6 27.Nxe6 fxe6 28.Nc4 Rb8 29.Ba3  1-0

[Event "Open"]
[Site "Novosibirsk RUS"]
[Date "2001.07.29"]
[Round "11"]
[White "Permiakov,V"]
[Black "Katalymov,B"]
[Result "0-1"]
[WhiteElo "2345"]
[BlackElo "2424"]

1.Nf3 d5 2.g3 g6 3.Bg2 Bg7 4.d4 Nf6 5.c4 c6 6.cxd5 Nxd5 7.O-O O-O 8.e4 Nb6
9.h3 a5 10.Nc3 a4 11.Re1 Be6 12.Bf4 Ra5 13.Rc1 Na6 14.Kh2 Nb4 15.Qd2 Nc4
16.Qe2 Nd6 17.Bxd6 exd6 18.a3 Na2 19.Ra1 Nxc3 20.bxc3 Rh5 21.Rab1 b5 22.Ng1 Bc4
23.Qd1 f5 24.f4 fxe4 25.Bxe4 c5 26.Nf3 Qd7 27.h4 cxd4 28.cxd4 Qg4 29.Ng5 Rxf4
30.Qxg4 Rxg4 31.Bf3 Rgxg5  0-1

[Event "MTO"]
[Site "Biel SUI"]
[Date "2001.07.30"]
[Round "7"]
[White "Zollbrecht,J"]
[Black "Riazantsev,A"]
[Result "0-1"]
[WhiteElo "2306"]
[BlackElo "2509"]

1.g3 d5 2.Nf3 Nf6 3.Bg2 Bf5 4.c4 c6 5.b3 e6 6.Bb2 Be7 7.O-O O-O 8.d3 h6 9.Nbd2 Nbd7
10.a3 a5 11.Qb1 Re8 12.Bc3 Bf8 13.Qb2 Qe7 14.Ne5 Nxe5 15.Bxe5 Nd7 16.Bc3 Nb6
17.d4 Bg6 18.a4 f5 19.f3 Qc7 20.e4 f4 21.c5 Nd7 22.gxf4 Qxf4 23.Rae1 e5 24.exd5 cxd5
25.Bh3 exd4 26.Bxd7 dxc3 27.Qxc3 Rxe1 28.Rxe1 Bxc5+ 29.Qxc5 Qxd2 30.Re7 Qg5+
31.Kf2 Rf8 32.Be6+ Kh7 33.Qc7 Qd2+ 34.Kg3 Qe1+ 35.Kg4 h5+ 36.Kg5 Qa1 37.Bxd5 Qf6+  0-1

[Event "Ladies"]
[Site "Hasselbacken SWE"]
[Date "2001.07.30"]
[Round "3"]
[White "Tetenkina,I"]
[Black "Rubene,I"]
[Result "1/2-1/2"]
[WhiteElo "2232"]
[BlackElo "2189"]

1.Nf3 d5 2.g3 g6 3.Bg2 Bg7 4.d4 Nf6 5.O-O O-O 6.Nbd2 c6 7.c4 e6 8.Qc2 b5
9.cxb5 cxb5 10.Nb3 Nbd7 11.Bf4 Bb7 12.Bd6 Re8 13.Bc7 Rc8 14.Rfc1 Qe7 15.Qd3 a6
16.Na5 Ba8 17.a4 Nb8 18.Bxb8 Rxb8 19.Ne5 Qd6 20.Nac6 Bxc6 21.Rxc6 Qb4 22.Rc7 bxa4
23.Nxf7 Qxb2 24.Rxa4 Rec8 25.Rxc8+ Rxc8 26.Nd6 Rc1+ 27.Bf1 Bf8 28.Qe3 Bxd6
29.Qxe6+ Kg7 30.Rxa6 Qb1 31.Ra7+ Bc7 32.Qe7+ Kh6 33.Qxf6 Rxf1+ 34.Kg2 Rg1+
35.Kh3 Rc1 36.Rxc7 Rxc7 37.Qf4+ g5 38.Qd6+ Qg6 39.Qxc7 g4+ 40.Kg2 Qe4+ 41.Kg1 Qb1+
42.Kg2 Qe4+ 43.Kg1  1/2-1/2

[Event "Keres Mem Open"]
[Site "Tallinn EST"]
[Date "2001.07.30"]
[Round "8"]
[White "Kengis,E"]
[Black "Rytshagov,M"]
[Result "1/2-1/2"]
[WhiteElo "2572"]
[BlackElo "2501"]

1.Nf3 d5 2.g3 c5 3.Bg2 Nc6 4.O-O e5 5.d3 Nf6 6.Bg5 Be7 7.Nfd2 O-O 8.Nc3 Be6
9.e4 Bg4 10.f3 Be6 11.Bxf6 Bxf6 12.exd5 Bxd5 13.Nxd5 Qxd5 14.Ne4 Be7 15.f4 Qd4+
16.Kh1 exf4 17.Rxf4 Qxb2 18.Rb1 Qxa2 19.Nc3 Qe6 20.Rxb7 Rad8 21.Bxc6 Qxc6+
22.Qf3 Qxf3+ 23.Rxf3 Bf6 24.Ne4 Bd4 25.g4 g6 26.g5 Rb8 27.Rfxf7 Rxb7 28.Rxb7 Rf1+
29.Kg2 Rc1 30.c4 Rd1 31.Rxa7 Rxd3 32.Rc7 Re3 33.Nxc5 Re5 34.Nd7 Rxg5+ 35.Kf3 Be5
36.Nxe5 Rxe5 37.c5 Kf8 38.Kf4 Rh5 39.c6 Ke8 40.Rg7 Kd8  1/2-1/2

[Event "Keres Mem Open"]
[Site "Tallinn EST"]
[Date "2001.07.30"]
[Round "8"]
[White "Seeman,T"]
[Black "Lugovoi,A"]
[Result "0-1"]
[WhiteElo "2440"]
[BlackElo "2485"]

1.g3 d5 2.Nf3 c5 3.Bg2 Nf6 4.O-O Nc6 5.d3 e6 6.Nbd2 g6 7.e4 Bg7 8.Re1 O-O
9.c3 e5 10.a4 Re8 11.exd5 Nxd5 12.Nc4 h6 13.Nfd2 Be6 14.a5 Rb8 15.Qa4 Qc7
16.Ne4 b5 17.axb6 axb6 18.Ned6 Red8 19.Nb5 Qd7 20.Na7 Nxa7 21.Qxa7 Qe8 22.Bd2 Kh7
23.f4 exf4 24.Bxd5 Rxd5 25.Bxf4 Rbd8 26.Bc7 Rxd3 27.Bxd8 Qxd8 28.Rxe6 fxe6
29.Rf1 Rd1 30.Qxb6 Rxf1+  0-1

[Event "Open"]
[Site "Korinthos GRE"]
[Date "2001.07.31"]
[Round "4"]
[White "Mastrovasilis,A"]
[Black "Margaritis,F"]
[Result "1/2-1/2"]
[WhiteElo "2441"]
[BlackElo "2067"]

1.Nf3 d5 2.g3 Nf6 3.Bg2 c5 4.O-O Nc6 5.d3 e5 6.Bg5 Be7 7.Nfd2 O-O 8.Nc3 d4
9.Bxf6 Bxf6 10.Nd5 Be6 11.c4 Bxd5 12.cxd5 Ne7 13.Ne4 Qb6 14.Rc1 Rac8 15.d6 Nf5
16.Bh3 Nxd6 17.Nxf6+ gxf6 18.Bxc8 Rxc8 19.Qd2 Kg7 20.Rc2 a5 21.e3 Nf5 22.Qe2 Qe6
23.Qf3 b6 24.b3 Rh8 25.g4 Ne7 26.exd4 cxd4 27.Rfc1 Qd5 28.Qe4 h5 29.Rc7 Qe6
30.gxh5 Rxh5 31.f4 Qg4+ 32.Kh1 Nf5 33.Rg1 Ng3+ 34.Rxg3 Qxg3 35.Rc2 Qxf4 36.Qxf4 exf4
37.Rc4 Rd5 38.Kg2 b5 39.Rc7 Re5 40.Kf3 Re3+ 41.Kxf4 Rxd3 42.Rc5 Rd2 43.Rxb5 Rxa2
44.h4 d3 45.Ke3 d2 46.Ke2 a4 47.bxa4 Rxa4 48.Kxd2 Rxh4 49.Ke3 Kg6 50.Kf3 f5
51.Rb8 f4 52.Rb5 f6 53.Ra5  1/2-1/2

[Event "MTO"]
[Site "Biel SUI"]
[Date "2001.08.01"]
[Round "9"]
[White "Tseitlin,Ma"]
[Black "Raetsky,A"]
[Result "1/2-1/2"]
[WhiteElo "2509"]
[BlackElo "2452"]

1.Nf3 d5 2.g3 Nc6 3.Bg2 e5 4.d3 Nf6 5.O-O Be7 6.c4 O-O 7.cxd5 Nxd5 8.Nbd2 Be6
9.Nc4 f6 10.a3 Qd7 11.Bd2 a5 12.Qc2 a4 13.e4 Nb6 14.Nxb6 cxb6 15.Be3 Rfc8
16.Qe2 Bc5 17.Rac1 Bg4 18.Qd2 Na5 19.Rc3 Nb3 20.Qe1 Rc6 21.h4 Rac8 22.Nh2 Be6
23.Bxc5 bxc5 24.Nf3 b5 25.Kh2 Bg4 26.Qe3 Rd6 27.Ne1 b4 28.Rc2 Nd4 29.Rc1 Nb3
30.Rc2 Nd4 31.Rc1 Nb3 32.Rc2 Rdc6 33.f3 Be6 34.f4 Qd4 35.Qf3 Qd6 36.fxe5 Qxe5
37.Qf2 Nd4 38.Nf3 Nxf3+ 39.Qxf3 bxa3 40.bxa3 c4 41.Rd1 cxd3 42.Rxc6 Rxc6
43.Qxd3 Rc3 44.Qd8+ Kf7 45.Rd3 Rc2 46.Rd2 Rc3 47.Rd3  1/2-1/2

[Event "Smith & Williamson ch-GBR"]
[Site "Scarborough HUN"]
[Date "2001.08.02"]
[Round "4"]
[White "Kennedy,J"]
[Black "Burnett,J"]
[Result "0-1"]
[WhiteElo "2042"]
[BlackElo "2209"]

1.Nf3 d5 2.g3 Nf6 3.Bg2 c6 4.O-O Bf5 5.d3 e6 6.Nbd2 Be7 7.Qe1 h6 8.e4 Bh7
9.Qe2 O-O 10.b3 a5 11.a3 b5 12.Bb2 Na6 13.Ne5 Qb6 14.Ng4 Nd7 15.Kh1 Rae8
16.Nf3 Nab8 17.Qd2 f6 18.Rae1 dxe4 19.dxe4 Rd8 20.Qe2 Rfe8 21.Nd2 Nf8 22.f4 Rd7
23.Nf3 c5 24.e5 f5 25.Ne3 g5 26.fxg5 hxg5 27.h4 gxh4 28.gxh4 Nc6 29.Bh3 Nd4
30.Qg2+ Kh8 31.Rg1 Bd8 32.Bxd4 cxd4 33.Nxf5 exf5 34.Bxf5 Ne6 35.Qg4 Rf7 36.Qh5 Ref8
37.Bg6 Nf4 38.Qh6 Nxg6 39.e6 Qb7 40.exf7 Qxf3+ 41.Rg2 Bxh4 42.Re6 Qh3+ 43.Kg1 Bf2+  0-1

[Event "Slavonija"]
[Site "Dakovo CRO"]
[Date "2001.08.03"]
[Round "2"]
[White "Vukic,M"]
[Black "Kirov,N"]
[Result "1-0"]
[WhiteElo "2471"]
[BlackElo "2422"]

1.Nf3 d5 2.g3 Bg4 3.Bg2 Nd7 4.c4 e6 5.b3 Be7 6.Bb2 Bf6 7.d4 Ne7 8.O-O O-O
9.Nbd2 c5 10.cxd5 Nxd5 11.Ne4 cxd4 12.Nxf6+ N7xf6 13.Qxd4 Qa5 14.e4 Ne7 15.Ne5 Rfd8
16.Qe3 Qd2 17.Qxd2 Rxd2 18.Nc4 Re2 19.f3 Bh5 20.Rfc1 b5 21.Bxf6 gxf6 22.Kf1 Rxg2
23.Kxg2 bxc4 24.Rxc4 f5 25.exf5 Nxf5 26.Kf2 Rd8 27.Re1 Bg6 28.g4 Nd4 29.Rd1 e5
30.f4 f6 31.Rdc1 Kg7 32.Rc7+ Kh6 33.f5 Bxf5 34.gxf5 Nxf5 35.R1c2 e4 36.Re2 e3+
37.Rxe3 Nxe3 38.Kxe3 a5 39.Rc5 Ra8 40.a4 Kg6 41.Kf4 Ra6 42.h4 Ra7 43.h5+ Kh6
44.Ke4 Ra8 45.Kd4 Rb8 46.Kc4 Ra8 47.b4 axb4 48.Kxb4 Rb8+ 49.Kc4 Rf8 50.Rf5 Kg7
51.a5 Kf7 52.a6 Ke6 53.Ra5 f5 54.a7 Ra8 55.Kc5 Kf6 56.Kb6 Kg5 57.Kb7 Rxa7+
58.Rxa7 Kxh5 59.Kc6 Kg4 60.Rxh7 f4 61.Kd5 f3 62.Ke4  1-0

[Event "Open"]
[Site "Korinthos GRE"]
[Date "2001.08.03"]
[Round "7"]
[White "Nikolaidis,I"]
[Black "Makropoulou,M"]
[Result "1-0"]
[WhiteElo "2531"]
[BlackElo "2313"]

1.Nf3 d5 2.g3 Nf6 3.Bg2 e6 4.c4 Be7 5.b3 O-O 6.O-O c5 7.cxd5 exd5 8.d4 b6
9.Ne5 Bb7 10.Bb2 Re8 11.Nd2 Na6 12.Rc1 Rc8 13.Nd3 Rc7 14.e3 h6 15.Nf4 cxd4
16.Rxc7 Nxc7 17.Bxd4 Ba6 18.Re1 Bb4 19.Qc2 Ne4 20.Bxe4 dxe4 21.Rd1 Qe7 22.Nc4 Bb7
23.a3 Bc5 24.Be5 Ne6 25.b4 b5 26.Na5 Nxf4 27.Bxf4 Bb6 28.Bd6 Qd7 29.Bc5 Qc7
30.Nxb7 Qxb7 31.Rd4 Bd8 32.Qd1 Bf6 33.Rd7 Qc8 34.Qd5 Rd8 35.Qxf7+ Kh8 36.Rxd8+ Qxd8
37.Kg2 a6 38.Qb7 Qe8 39.Qxa6 Kh7 40.Qb7 Bb2 41.Qd5 Bxa3 42.h4 Bb2 43.h5 Bf6
44.g4 Bc3 45.Qf5+ Kg8 46.Qg6 Qe5 47.Qc6 Kh7 48.Qd7 Bb2 49.Qxb5 Qf6 50.Qd7 Qf3+
51.Kg1  1-0

[Event "Rapidplay"]
[Site "Liepaja LAT"]
[Date "2001.08.03"]
[Round "4"]
[White "Kengis,E"]
[Black "Sadvakasov,D"]
[Result "1/2-1/2"]
[WhiteElo "2572"]
[BlackElo "2568"]

1.Nf3 d5 2.g3 Bg4 3.Bg2 Nd7 4.c4 e6 5.cxd5 exd5 6.Qb3 Nc5 7.Qc2 c6 8.d3 Bd6
9.O-O Ne7 10.e4 Ne6 11.Nc3 O-O 12.b3 Rc8 13.Bb2 Qa5 14.a3 dxe4 15.Nxe4 Bb8
16.Nfd2 Rfd8 17.Nc4 Qh5 18.Rae1 Nf5 19.f3 Bh3 20.b4 a6 21.Nc5 Nxc5 22.bxc5 Nd4
23.Bxd4 Rxd4 24.Bxh3 Qxh3 25.Re4 Rxe4 26.fxe4 Rd8 27.e5 Qh5  1/2-1/2

[Event "Mipap Cup"]
[Site "Olomouc CZE"]
[Date "2001.08.03"]
[Round "2"]
[White "Tolstikh,N"]
[Black "Colin,V"]
[Result "1-0"]
[WhiteElo "2436"]
[BlackElo "2327"]

1.Nf3 d5 2.g3 c6 3.Bg2 Bg4 4.O-O Nd7 5.d4 e6 6.Nbd2 f5 7.c4 Bd6 8.Qb3 Rb8
9.Re1 Qf6 10.cxd5 cxd5 11.Qa4 Ne7 12.Ne5 b5 13.Qa6 Rb6 14.Qxa7 Bxe5 15.dxe5 Qxe5
16.Nf3 Qb8 17.Qa3 Bxf3 18.exf3 Kf7 19.Be3 Rc6 20.Bg5 Nf6 21.Bf1 b4 22.Qb3 Rhc8
23.Rad1 h6 24.Bf4 Qb6 25.Be3 Qb8 26.Rd4 Rb6 27.Rh4 Ng6 28.Bxb6 Nxh4 29.Bd4 Ng6
30.Be3 Nd7 31.Bd2 Nde5 32.f4 Nc6 33.Ba6 Rd8 34.Qe3 Qd6 35.Bb5 Nge7 36.Rc1 Rb8
37.Ba4 Rb7 38.Qd3 Nb8 39.Be3 Qa6 40.Qc2 Nd7 41.Bd4 Nb6 42.Bb3 Nd7 43.Qd1 Nf6
44.Be3 Nc6 45.Ba4 Ne7 46.h3 Rb8 47.Bc5 Rb7 48.Bb3 Qb5 49.Bd6 Ne4 50.Be5 Kg6
51.Bd4 Qa6 52.Ba4 Kh7 53.Kg2 Ra7 54.Bxa7 Qxa7 55.Qc2 d4 56.Qc7 Qxc7 57.Rxc7 Nd5
58.Rc6 d3 59.f3 Ne3+ 60.Kg1 Nd2 61.Kf2 Nec4 62.b3 Nb2 63.Bb5 Nb1 64.Rd6 d2
65.Be2 g5 66.Ke3 gxf4+ 67.gxf4 e5 68.fxe5 Kg7 69.f4  1-0

[Event "Rapidplay"]
[Site "Liepaja LAT"]
[Date "2001.08.04"]
[Round "8"]
[White "Kengis,E"]
[Black "Ehlvest,J"]
[Result "1/2-1/2"]
[WhiteElo "2572"]
[BlackElo "2627"]

1.Nf3 d5 2.g3 g6 3.Bg2 Bg7 4.d4 Nf6 5.O-O O-O 6.Bf4 c6 7.Nbd2 Bf5 8.c4 dxc4
9.Nxc4 Nbd7 10.Nfe5 Nxe5 11.Bxe5 Be6 12.Qc2 Bh6 13.Bxf6 exf6 14.Rad1 f5 15.e3 Bd5
16.b3 Re8 17.Ne5 Bxg2 18.Kxg2 Bg7 19.Nd3 a5 20.a4 Bf8 21.Qc4 Qf6 22.Ne5  1/2-1/2

[Event "Rapidplay"]
[Site "Liepaja LAT"]
[Date "2001.08.04"]
[Round "11"]
[White "Kengis,E"]
[Black "Fridman,D"]
[Result "1-0"]
[WhiteElo "2572"]
[BlackElo "2562"]

1.Nf3 d5 2.g3 c5 3.Bg2 Nf6 4.O-O g6 5.d4 Bg7 6.c3 Nbd7 7.Bf4 O-O 8.Nbd2 b6
9.b4 Bb7 10.bxc5 bxc5 11.Rb1 Bc6 12.Ne5 Nxe5 13.Bxe5 cxd4 14.cxd4 Rc8 15.Nb3 Bb5
16.Nc5 Bc4 17.Qd2 Nd7 18.Nb7 Qe8 19.Bxg7 Kxg7 20.Rfe1 Nb6 21.Nc5 e5 22.e4 Qd8
23.exd5 Bxd5 24.Bxd5 Qxd5 25.Rxe5 Qd6 26.Qf4 Rc7 27.Rbe1 Rfc8 28.h4 h6 29.h5  1-0

[Event "Smith & Williamson ch-GBR"]
[Site "Scarborough HUN"]
[Date "2001.08.04"]
[Round "6"]
[White "Moore,G"]
[Black "Eames,R"]
[Result "0-1"]
[WhiteElo "2194"]
[BlackElo "2333"]

1.Nf3 d5 2.g3 Nf6 3.Bg2 c6 4.O-O Bf5 5.d3 e6 6.Nbd2 h6 7.Qe1 Be7 8.e4 Bh7
9.Qe2 O-O 10.e5 Nfd7 11.Ne1 c5 12.f4 Nc6 13.c3 b5 14.Ndf3 c4 15.d4 b4 16.g4 bxc3
17.bxc3 Qa5 18.Qd2 f6 19.Bh3 fxe5 20.fxe5 g5 21.Bg2 Rf4 22.h3 Raf8 23.Nh2 Rxf1+
24.Nxf1 Nxd4 25.cxd4 Bb4  0-1

[Event "FSIMA August"]
[Site "Budapest HUN"]
[Date "2001.08.05"]
[Round "2"]
[White "Pirisi,G"]
[Black "Turzo,A"]
[Result "1/2-1/2"]
[WhiteElo "2288"]
[BlackElo "2372"]

1.Nf3 d5 2.g3 c6 3.Bg2 Bg4 4.Ne5 Bf5 5.c4 e6 6.d4 Nf6 7.Qb3 Qb6 8.c5 Qc7
9.Bf4 Qc8 10.Nc3 Nbd7 11.Nxd7 Qxd7 12.O-O Be7 13.Qa4 O-O 14.b4 b6 15.cxb6 axb6
16.Qb3 Ne8 17.Rfd1 Nd6 18.Bxd6 Bxd6 19.e4 dxe4 20.Nxe4 Be7 21.a4 Rfd8 22.Rac1 Qa7
23.Nc3 Rac8 24.Qc4 b5 25.Nxb5 Qxa4 26.Bxc6 Be4 27.Nc7 Bxc6 28.Qxc6 Qxc6 29.Rxc6 Bxb4
30.Ra1 Bd6 31.Ra7 g6 32.Rc3 Bxc7 33.Rcxc7 Rxc7 34.Rxc7 Rxd4 35.Kg2 g5 36.h3 Kg7
37.Kf3  1/2-1/2

[Event "Slavonija"]
[Site "Dakovo CRO"]
[Date "2001.08.05"]
[Round "4"]
[White "Vukic,M"]
[Black "Kovacevic,B"]
[Result "1-0"]
[WhiteElo "2471"]
[BlackElo "2443"]

1.Nf3 d5 2.g3 Nc6 3.d4 Bg4 4.Bg2 e6 5.O-O Nf6 6.c4 Bd6 7.Nc3 O-O 8.cxd5 Nxd5
9.e4 Nb6 10.Be3 Nc4 11.Qe2 Nxe3 12.Qxe3 f5 13.exf5 exf5 14.Ne5 Bxe5 15.dxe5 f4
16.gxf4 Qh4 17.Nd5 Kh8 18.Rac1 Rad8 19.b3 Qh5 20.Nxc7 Nd4 21.f3 Bh3 22.Bxh3 Qxh3
23.Kh1 Nf5 24.Qf2 Rd4 25.Ne6 Ng3+ 26.Qxg3 Qxe6 27.Rfd1  1-0

[Event "12th Sueder Summer"]
[Site "Recklinghausen GER"]
[Date "2001.08.06"]
[Round "3"]
[White "Schebler,G"]
[Black "Hoefker,M"]
[Result "1-0"]
[WhiteElo "2485"]
[BlackElo "2241"]

1.Nf3 d5 2.g3 Nc6 3.d4 Bg4 4.Bg2 e6 5.O-O Nf6 6.c4 Be7 7.Ne5 Nxe5 8.dxe5 Nd7
9.h3 Bh5 10.cxd5 exd5 11.f4 Bc5+ 12.Kh2 c6 13.Nc3 f5 14.Qc2 O-O 15.e6 Nb6
16.Nxd5 Qd6 17.Nc3 Qxe6 18.e4 Bg6 19.e5 Rad8 20.b3 Rd7 21.Ne2 Be7 22.Bb2 Rfd8
23.Rad1 Rxd1 24.Rxd1 Rxd1 25.Qxd1 Qd7 26.Qc2 Bf7 27.Nd4 Be6 28.Nxe6 Qxe6
29.Bd4 Bb4 30.Bf1 Kf8 31.g4 g6 32.gxf5 Qxf5 33.Qxf5+ gxf5 34.Bxb6 axb6 35.Bd3  1-0

[Event "Stork YM"]
[Site "Hengelo NED"]
[Date "2001.08.07"]
[Round "4"]
[White "Kritz,L"]
[Black "Jackova,J"]
[Result "0-1"]
[WhiteElo "2423"]
[BlackElo "2350"]

1.Nf3 d5 2.g3 Bg4 3.Bg2 Nd7 4.c4 e6 5.b3 Ngf6 6.Bb2 c6 7.O-O h6 8.d3 Bd6
9.Nbd2 O-O 10.Qc2 a5 11.a3 e5 12.e4 Rc8 13.Rfe1 Re8 14.h3 Bh5 15.Nh4 b5 16.g4 Bg6
17.Nxg6 fxg6 18.d4 a4 19.c5 axb3 20.Nxb3 Bb8 21.exd5 Nxd5 22.Bxd5+ cxd5 23.Qxg6 e4
24.Nd2 Nf8 25.Qa6 Qh4 26.Re3 Bf4 27.Kg2 Bxe3 28.fxe3 Ne6 29.Qxb5 Ng5 30.Rh1 Rb8
31.Qc6 Rf8  0-1

[Event "Stork YM"]
[Site "Hengelo NED"]
[Date "2001.08.08"]
[Round "6"]
[White "Zhigalko,A"]
[Black "Ginzburg,Mi"]
[Result "1/2-1/2"]
[WhiteElo "2400"]
[BlackElo "2274"]

1.Nf3 d5 2.g3 c6 3.Bg2 Bg4 4.O-O Nd7 5.d4 Bxf3 6.Bxf3 Ngf6 7.c4 e6 8.Qb3 Qb6
9.Nc3 Be7 10.e4 dxe4 11.Nxe4 Nxe4 12.Bxe4 Qxb3 13.axb3 O-O 14.Be3 a6 15.Bf3 Rad8
16.Rfd1 Nf6 17.g4 h6 18.h3 Rd7 19.Kf1 Rfd8 20.Ke2 Kf8 21.Bg2 g5 22.Bf3 Ng8
23.Rd3 Bf6 24.Rad1 Ne7 25.Be4 Bg7 26.f4 f5 27.Bf3 Bf6 28.fxg5 hxg5 29.b4 Ng6
30.b5 axb5 31.cxb5 f4 32.Bf2 Ne7 33.bxc6 bxc6 34.Be4 Rb8 35.b3 Rdb7 36.Rb1 Rb4
37.Kf3 Kg7 38.h4 gxh4 39.Rh1 Ng6 40.g5 Be7 41.Bxg6 Kxg6 42.Bxh4 Rxb3 43.Rxb3  1/2-1/2

[Event "Pricenet Cup"]
[Site "Olomouc CZE"]
[Date "2001.08.08"]
[Round "10"]
[White "Blodig,R"]
[Black "Gunnarsson,J"]
[Result "0-1"]
[WhiteElo "2238"]
[BlackElo "2404"]

1.g3 d5 2.Nf3 g6 3.Bg2 Bg7 4.c4 d4 5.O-O e5 6.d3 Nc6 7.e3 dxe3 8.fxe3 Nge7
9.Nc3 O-O 10.Rb1 a5 11.b3 h6 12.Ne1 Be6 13.a3 f5 14.Qc2 Qd7 15.Bd2 Rad8 16.Ne2 g5
17.b4 axb4 18.axb4 e4 19.d4 Ne5 20.d5 c6 21.Nd4 cxd5 22.c5 Nc4 23.Qc1 f4
24.Nxe6 Qxe6 25.exf4 e3 26.Bc3 d4 27.Ba1 Nd2 28.Nd3 Nxf1 29.Qxf1 Nd5 30.Re1 gxf4
31.gxf4 Qg4 32.Qf3 Qxf3 33.Bxf3 Nxf4 34.Nxf4 Rxf4 35.Kg2 Be5 36.Rxe3 dxe3
37.Bxe5 e2 38.Bxe2 Re4  0-1

[Event "7th Stage Russian Cup"]
[Site "Togliatty RUS"]
[Date "2001.08.08"]
[Round "1"]
[White "Loginov,Va"]
[Black "Utnasunov,A"]
[Result "1/2-1/2"]
[WhiteElo "2507"]
[BlackElo "2279"]

1.Nf3 d5 2.g3 Nf6 3.Bg2 c6 4.O-O Bf5 5.c4 e6 6.cxd5 exd5 7.d3 Bd6 8.Nc3 O-O
9.Qc2 Re8 10.Bd2 a5 11.Nh4 Bg4 12.e4 Na6 13.a3 dxe4 14.dxe4 Nc5 15.Be3 Qb6
16.f3 Be6 17.Qf2 Nfd7 18.Rad1 Qc7 19.Rfe1 Bb3 20.Rd2 Bf8 21.f4 Bc4 22.Red1 Bb3
23.Rc1 Bc4 24.Rcd1 Bb3 25.Rb1 b6 26.Bf3 Rad8 27.Nf5 Nf6 28.e5 Rxd2 29.Qxd2 Rd8
30.Qg2 Nd5 31.Nxd5 Bxd5 32.Rd1 Bxf3 33.Qxf3 Ne6 34.Nd6 Bxd6 35.exd6 Rxd6
36.Rxd6 Qxd6 37.Bxb6 a4 38.Bf2 h6 39.Qe4 Qd1+ 40.Kg2 c5 41.Qa8+ Kh7 42.Qe4+ Kg8
43.Qa8+  1/2-1/2

[Event "7th Stage Russian Cup"]
[Site "Togliatty RUS"]
[Date "2001.08.08"]
[Round "1"]
[White "Arbakov,V"]
[Black "Riabtsev,K"]
[Result "1-0"]
[WhiteElo "2454"]
[BlackElo "2212"]

1.Nf3 d5 2.g3 Nf6 3.Bg2 c6 4.d3 Bg4 5.h3 Bh5 6.b3 Nbd7 7.Bb2 Qc7 8.c4 e5
9.cxd5 cxd5 10.g4 Bg6 11.Nh4 Bb4+ 12.Nd2 Qd6 13.a3 Bc5 14.b4 Bb6 15.Qb3 h6
16.e4 dxe4 17.Nxg6 fxg6 18.Nxe4 Nxe4 19.Bxe4 Rf8 20.O-O O-O-O 21.a4 Qf6 22.a5 Bc7
23.Qd5 Qc6 24.Qxc6 bxc6 25.Rac1 c5 26.bxc5 Bxa5 27.c6 Nf6 28.Bxg6 Rd5 29.c7 Bxc7
30.Ba3 Rh8 31.Bc5 Kb7 32.Bxa7 Bb6 33.Bxb6 Kxb6 34.Rb1+ Kc6 35.Rfc1+ Rc5 36.Rxc5+ Kxc5
37.Rb7 Rg8 38.Kh2 Kd6 39.Kg3 Nd7 40.Bh7 Rb8 41.Ra7 Rb3 42.Bf5 Nc5 43.Kh4 Rb7
44.Rxb7 Nxb7 45.Kh5 Ke7 46.Kg6 Kf8 47.Be4 Nd6 48.h4 Kg8 49.Bd5+ Kf8 50.g5 hxg5
51.hxg5 Nc8 52.Kf5 Ke7 53.Kxe5 Nd6 54.f4 Nb5 55.f5 Nc7 56.Bc4 Ne8 57.d4 Nc7
58.d5 Na8 59.d6+ Kd8 60.Bb5 Nb6 61.f6  1-0

[Event "Slavonija Swiss"]
[Site "Vukovar CRO"]
[Date "2001.08.08"]
[Round "6"]
[White "Drasko,M"]
[Black "Kirov,N"]
[Result "1/2-1/2"]
[WhiteElo "2509"]
[BlackElo "2422"]

1.Nf3 d5 2.g3 Bg4 3.Bg2 Nd7 4.d3 c6 5.O-O e6 6.Nbd2 Bc5 7.c4 Ne7 8.cxd5 cxd5
9.Qa4 Bh5 10.Nb3 Bb6 11.Qh4 Bg6 12.Bg5 f6 13.Bd2 Nc6 14.Nfd4 Qe7 15.Nxc6 bxc6
16.Rac1 Rc8 17.a4 a6 18.Bb4 c5 19.d4 Kf7 20.dxc5 Nxc5 21.a5 Ba7 22.Rc3 Rc7
23.Rfc1 Rhc8 24.Bf3 Bf5 25.Qf4 g5 26.Bh5+ Bg6 27.Bxg6+ hxg6 28.Qe3 Nxb3 29.Bxe7 Bxe3
30.Rxc7 Bxc1 31.Rxc8 Kxe7 32.Rc6 Bxb2 33.Rb6 Nxa5 34.Rxb2 Nc4 35.Rb7+ Kd6
36.h4 a5 37.Rg7 gxh4 38.gxh4 a4 39.Rxg6 a3 40.Kh2 Kc5 41.h5 Ne5 42.Rg7 Kb4
43.h6 a2 44.h7 a1=Q 45.h8=Q Qd4 46.Qf8+ Kb3 47.e3 Qf4+ 48.Kg2 Qe4+ 49.Kh2 Qf3
50.Kg1 Qd1+ 51.Kg2 Qf3+ 52.Kg1  1/2-1/2